00419nam a2200145Ia 4500008004100000020001500041041000800056082001600064100002600080245010700106250000600213260003300219300001200252650000900264210716s2003 xx 000 0 und d a0071396985 aeng a332.64 MCCT aMccafferty, Thomas A. aMarket is always right: the 10 principles of trading any market.b10 principles of trading any market. a1 aNew YorkbMc Graw Hillc2003 axiv,233 aNone